|
|
|
|
| LEADER |
00751aam a22002178a 4500 |
| 001 |
00028829 |
| 005 |
20171026081023.0 |
| 008 |
120404s2002 ||||||viesd |
| 041 |
0 |
# |
|a vie
|
| 082 |
1 |
4 |
|a 959.704 09 2
|b NG527V
|
| 245 |
1 |
0 |
|a Nguyễn Văn Cừ nhà lãnh đạo xuất sắc của Đảng và cách mạng Việt Nam
|b Hồi Ký
|
| 260 |
# |
# |
|a Hà Nội
|b Chính trị-Quốc gia
|c 2002
|
| 300 |
# |
# |
|a 708 tr.
|b ảnh
|c 24 cm.
|
| 653 |
# |
# |
|a Nguyễn Văn Cừ
|
| 653 |
# |
# |
|a Nhân vật lịch sử
|
| 653 |
# |
# |
|a Việt Nam
|
| 852 |
# |
# |
|b Kho đọc
|j KD.0013353
|
| 852 |
# |
# |
|j KD.0013353
|
| 910 |
|
|
|d 04/04/2012
|
| 980 |
# |
# |
|a Trung tâm Học liệu Lê Vũ Hùng, Trường Đại học Đồng Tháp
|